Rhode Island Major & Minor Teams - Statistics

General Stats
  • This quiz has been taken 12 times
  • The average score is 4 of 5
Answer Stats
NCAA % Correct
Bryant Bulldogs
90%
Providence Friars
80%
Providence Bruins
70%
Brown Bears
60%
Rhode Island Rams
60%
No matching quizzes found
Score Distribution
Percent of People with Each Score
Percentile by Number Answered
Your Score History
You have not taken this quiz